Kansainyhteisö - lippuvisa - Statistics

Yleistilastot
  • Tätä visaa on pelattu 23 kertaa
  • Keskiarvotulos 44 / 56
Vastaustilastot
Kuvavisa Vastaus % Oikein
Intia
100%
Jamaika
100%
Kanada
100%
Kenia
100%
Kypros
100%
Yhdistynyt kuningaskunta
100%
Australia
93%
Etelä-Afrikka
93%
Kiribati
93%
Malta
93%
Nauru
93%
Singapore
93%
Sri Lanka
93%
Dominica
87%
Nigeria
87%
Papua-Uusi-Guinea
87%
Samoa
87%
Uusi-Seelanti
87%
Vanuatu
87%
Bahama
80%
Bangladesh
80%
Barbados
80%
Fidži
80%
Grenada
80%
Pakistan
80%
Saint Kitts ja Nevis
80%
Saint Lucia
80%
Salomoninsaaret
80%
Sambia
80%
Seychellit
80%
Tonga
80%
Tuvalu
80%
Antigua ja Barbuda
73%
Botswana
73%
Brunei
73%
Eswatini
73%
Ghana
73%
Malesia
73%
Mauritius
73%
Saint Vincent ja Grenadiinit
73%
Trinidad ja Tobago
73%
Uganda
73%
Belize
67%
Gambia
67%
Lesotho
67%
Malawi
67%
Malediivit
67%
Namibia
67%
Sierra Leone
67%
Tansania
67%
Gabon
60%
Guyana
60%
Kamerun
60%
Mosambik
60%
Ruanda
60%
Togo
60%
Ehtoja vastaavia visoja ei löytynyt
Tulosjakauma
Jokaisen tuloksen saaneiden osuus
Persentiili vastausten määrän mukaan
Tuloshistoriasi
Et ole pelannut tätä visaa